Napoléon le petit livre premier : l'homme /
Elmentve itt :
| Szerző: | |
|---|---|
| Dokumentumtípus: | Cikk |
| Megjelent: |
1879
|
| Sorozat: | Kolligátum
|
| Kulcsszavak: | Francia irodalom - novella |
| Online Access: | http://misc.bibl.u-szeged.hu/25981 |
| LEADER | 00544nab a2200169 i 4500 | ||
|---|---|---|---|
| 001 | misc25981 | ||
| 005 | 20191111110710.0 | ||
| 008 | 171127s1879 hu o 0|| zxx d | ||
| 040 | |a SZTE Miscellanea Repozitórium |b hun | ||
| 041 | |a zxx | ||
| 100 | 1 | |a Hugo Victor | |
| 245 | 1 | 0 | |a Napoléon le petit |h [elektronikus dokumentum] : |b livre premier : l'homme / |c Hugo Victor |
| 260 | |c 1879 | ||
| 300 | |a 1-35 | ||
| 490 | 0 | |a Kolligátum | |
| 695 | |a Francia irodalom - novella | ||
| 856 | 4 | 0 | |u http://misc.bibl.u-szeged.hu/25981/1/018_010_001-035.pdf |z Dokumentum-elérés |